logo

Bir Sreshtho Munshi Abdur Rouf Library
Jhenaidah Cadet College

Percy Jackson and the lightning thief / (Record no. 10816)

MARC details
000 -LEADER
fixed length control field 00754nam a2200277 a 4500
001 - CONTROL NUMBER
control field 10816
003 - CONTROL NUMBER IDENTIFIER
control field BD-JhCC
005 - DATE AND TIME OF LATEST TRANSACTION
control field 20221011134023.0
008 - FIXED-LENGTH DATA ELEMENTS--GENERAL INFORMATION
fixed length control field 190428r20062005enk j 000 1 eng
015 ## - NATIONAL BIBLIOGRAPHY NUMBER
National bibliography number GBA616381
Source bnb
020 ## - INTERNATIONAL STANDARD BOOK NUMBER
International Standard Book Number 0141319135 (pbk.)
035 ## - SYSTEM CONTROL NUMBER
System control number (IeDuTC)b14326021
035 ## - SYSTEM CONTROL NUMBER
System control number (UkLCURL)08b14326021
038 ## - RECORD CONTENT LICENSOR
Record content licensor Uk
040 ## - CATALOGING SOURCE
Original cataloging agency StDuBDS
Transcribing agency BD-JhCC
Modifying agency BD-JhCC
049 ## - LOCAL HOLDINGS (OCLC)
Local processing data b
082 04 - DEWEY DECIMAL CLASSIFICATION NUMBER
Classification number 813.54
Edition number 22
Item number RIO 2006
090 ## - LOCALLY ASSIGNED LC-TYPE CALL NUMBER (OCLC); LOCAL CALL NUMBER (RLIN)
Classification number (OCLC) (R) ; Classification number, CALL (RLIN) (NR) TCD
Local cutter number (OCLC) ; Book number/undivided call number, CALL (RLIN) PB-252-363
100 1# - MAIN ENTRY--PERSONAL NAME
Personal name Riordan, Rick.
245 10 - TITLE STATEMENT
Title Percy Jackson and the lightning thief /
Statement of responsibility, etc. Rick Riordan.
260 ## - PUBLICATION, DISTRIBUTION, ETC.
Place of publication, distribution, etc. London :
Name of publisher, distributor, etc. Puffin,
Date of publication, distribution, etc. 2006.
300 ## - PHYSICAL DESCRIPTION
Extent 374 p. ;
Dimensions 20 cm.
500 ## - GENERAL NOTE
General note Originally published: 2005.
650 #0 - SUBJECT ADDED ENTRY--TOPICAL TERM
Topical term or geographic name entry element Gods, Greek
Form subdivision Juvenile fiction.
942 ## - ADDED ENTRY ELEMENTS (KOHA)
Source of classification or shelving scheme Dewey Decimal Classification
Koha item type Books
Koha issues (borrowed), all copies 26
Holdings
Withdrawn status Lost status Source of classification or shelving scheme Damaged status Not for loan Home library Current library Shelving location Date acquired Cost, normal purchase price Total Checkouts Full call number Barcode Date last seen Date last checked out Copy number Price effective from Koha item type
    Dewey Decimal Classification     JCC Rouf Library JCC Rouf Library General Stacks 04/28/2019 630.00 27 813.54 RIO 2006 14733 12/24/2024 11/18/2024 C-1 04/28/2019 Books
    Dewey Decimal Classification     JCC Rouf Library JCC Rouf Library General Stacks 01/22/2018   9 813.54 RIO 2010 14692 05/30/2024 11/20/2023 C-2 10/22/2019 Books

JCC Library | Contacts | JCC Home

Last Update on 23 September 2017
Copyright @ 2017-2020 JCC Rouf Library
Rouf Library, Jhenidah Cadet College (JCC), Bangladesh